000 00431nam a22001577a 4500
999 _c8887
_d8887
003 OSt
008 200713b ||||| |||| 00| 0 eng d
020 _a9788131773710
100 _aSvehla,G & Sivasankar,B
245 _aVogel,s Qualitative Inorganic Analysis
250 _a2019
260 _aNoida
_b Pearson Education India
_c2019
300 _a372
650 _aPharmaceutical Analysis and Quality Assurance
942 _2ddc
_cBK